000 00328nam a2200157Ia 4500
100 _aNarayana/Aswatha/P.A
650 _aMechanics
942 _cBK
366 _f20
245 _aEngineering Fluid Mechanics
260 _bNarosa
_c2004
082 _a532
_bNAR
300 _a581
546 _aENGLISH
_cInfo.Tech
999 _c33434
_d33434